Osobné financie rozvíjať plánovaním

Niektoré osvedčené východiská, odskúšané rady a efektívne praktiky na znižovanie rizík v osobných financiách. Možnosti šetrenia. Zostavenie finančného plánu osobných financií. Finančné desatoro. Finančná sebaláska.

Na minha lista:
Detalhes bibliográficos
Autor principal: Burák, Emil
Formato: Capítulo de Livro
Idioma:eslovaco
Assuntos:
Tags: Adicionar Tag
Sem tags, seja o primeiro a adicionar uma tag!

MARC

LEADER 00000naa a2200000 4500
001 0217179
005 20231114112730.2
041 0 |a slo 
044 |a SK 
245 1 0 |a Osobné financie rozvíjať plánovaním  |c Emil Burák 
520 |a Niektoré osvedčené východiská, odskúšané rady a efektívne praktiky na znižovanie rizík v osobných financiách. Možnosti šetrenia. Zostavenie finančného plánu osobných financií. Finančné desatoro. Finančná sebaláska. 
610 2 0 |a financie osobné 
610 2 0 |a sporenie obyvateľstva 
610 2 0 |a plánovanie 
100 1 |a Burák, Emil